Classifica Marcatori Napoli All-Time - Statistics

Statistiche generali
  • Questo quiz è stato fatto 300 volte
    91 dall'ultimo reset
  • Il punteggio medio è 11 su 20
Statistiche sulle risposte
Gol Nazione Stagioni al Napoli Calciatore % Corretto
115 Argentina 1984-1991 Diego Armando Maradona
100%
148 Belgio 2013-2022 Dries Mertens
97%
121 Slovacchia 2007-2019 Marek Hamšík
97%
104 Uruguay 2010-2013 Edinson Cavani
94%
122 Italia 2009-2010, 2012-2002 Lorenzo Insigne
91%
91 Argentina 2013-2016 Gonzalo Higuain
89%
48 Polonia 2016-2021 Arkadiusz Milik
85%
82 Spagna 2013-2020 José Maria Callejon
85%
48 Argentina 2007-2012 Ezequiel Lavezzi
76%
51 Polonia 2015-2024 Piotr Zieliński
73%
96 Brasile 1987-1993 Careca
71%
97 Brasile/Italia 1965-1972 José Altafini
39%
47 Italia 1986-1990 Andrea Carnevale
28%
103 Croazia/Italia 1929-1935 Antonio Vojak
20%
77 Italia 1975-1979 Giuseppe Savoldi
19%
108 Paraguay/Italia 1926-1937 Attila Sallustro
16%
70 Brasile 1955-1960 Canè
13%
70 Brasile 1962-1969, 1972-1975 Luis Vinicio
11%
52 Svezia 1952-1956 Hasse Jeppson
8%
47 Italia 1950-1956 Amedeo Amadei
1%
Nessun quiz corrispondente trovato
Distribuzione punteggi
Percentuale di utenti per punteggio
Percentile per numero di risposta
I tuoi punteggi nel tempo
Non hai fatto questo quiz dall'ultimo reset